00335nam a2200121Ia 4500008004100000040001700041041001200058082001800070100001900088245008200107260000900189300001500198230917s9999||||xx |||||||||||||| ||und|| e255790aMAIN aEnglish a363.728 R186E aRastogi, Mansi 0aEfficacy of microbial inoculation on municipal solid waste composting process c2018 aix, 196 p.